000 00348nam a2200145Ia 4500
008 210210b1922 xxu||||| |||| 00| 0 eng d
041 _aeng
082 _a822/98
100 _aBELLOC (Hilaire)
245 _aSomething
260 _aLondon
_bMethuen and Company Limited
_c1922
650 _aSomething
690 _aEnglish Prose
906 _a012285
999 _c131070
_d131070